Animal Crossing NPC Characters - Statistics

General Stats
  • This quiz has been taken 172 times
  • The average score is 36 of 71
Answer Stats
# Hint Answer % Correct
2 Owl who's scared of bugs Blathers
90%
6 Stargazing owl Celeste
82%
4 Cafe barista Brewster
78%
29 The best musician to exist K.K. Slider
78%
65 The other raccoon twin Tommy
78%
58 The quieter sister in Able Sisters Sable
77%
64 One of the raccoon twins Timmy
77%
43 The more talkative sister in Able Sisters Mabel
76%
66 Have you paid your mortgage yet, yes yes Tom Nook
76%
53 Never trust this sly fox Redd
75%
21 Pirate who washes up on your beaches(new horizons) Gullivarrr
72%
71 Don't pull his zip, he's not a man in a costume Zipper T. Bunny
72%
55 He gets very angry if you don't save Resetti
68%
57 She travels the lands selling carpets and wallpaper Saharah
68%
36 Sloth who loves plants Leif
67%
1 You have to draw her face Blanca
66%
16 He LOVES bugs Flick
66%
26 Czar of Halloween Jack
66%
24 Hippie dog who has a campsite and photo studio Harvey
65%
34 He'll shine your shoes and later own his own shoe store Kicks
64%
56 You'd meet this loveable cat when you first play the game Rover
64%
70 You have to collect pieces of his spirit to see him Wisp
64%
46 He wants a scallop Pascal
62%
25 Shes the unit of currency in game? Isabelle
61%
31 Taxi driver, bus driver, sailor, he'll take you wherever! Kapp'n
61%
35 Youngest sister of #43 and #58 Label
61%
33 Fortune teller Katrina
60%
22 He once flew a spaceship, now he's sailing the seasand always gets lost Gulliver
58%
67 The Mayor in the original games Tortimer
58%
69 Pilot who works for Dodo airlines (new horizons) Wilbur
58%
10 Husband of # who'd spruce up your furniture (new leaf) Cyrus
57%
28 She sells turnips on sundays Joan
57%
27 Christmas Toy Day Jingle
55%
45 One of the Dodo airlines staff Orville
55%
19 She's a fashionista darling! Gracie
53%
5 #7s son? (new horizons) C.J.
52%
11 Granddaughter of #28 Daisy Mae
52%
23 Hairdresser Harriet
52%
39 Gyroid who's alive, usually asking for donations Lloyd
52%
49 Pelican who'd deliver your mail Pete
51%
14 He would teach you emotions, he also owned a club in new leaf Dr. Shrunk
50%
41 She runs the dream suite Luna
49%
47 VIVA FESTIVALÉ! Pavé
48%
48 Friendly post office clerk Pelly
48%
54 She runs the Re-Tail store (new leaf) Reese
48%
3 Insecure guard dog Booker
46%
40 Newest member of the HHA (happy home designer) Lottie
46%
60 Child snowperson Snowboy
46%
7 Fishing tourney host Chip
44%
8 Diligent guard dog Copper
43%
51 Snarky post office clerk Phyllis
43%
12 Twin of #25 who's part of the HHA Digby
41%
42 He used to sell you insurance, then he moved to the HHA Lyle
41%
17 He comes to town for the Harvest festival, but you have totake your villagers cutlery away so they dont eat him! Franklin
39%
44 He ran the bug off in city folk and new leaf Nat
35%
32 Lost kitten looking for her mom Katie
34%
13 Older brother of #55, he's a lot nicer! Don Resetti
31%
52 Monkey who ran the train station Porter
31%
62 Father snowperson Snowman
31%
9 #67s alter ego? (wild world) Cornimer
30%
37 #31s wife, speak to her and you can play minigames on the island(new leaf) Leila
28%
38 #31 and #37s daughter, she'd buy your seashells (new leaf) Leilani
25%
20 #31s mother who sold exclusive tropical island furniture! Grams
23%
50 He used to sell balloons and pinwheels, then he gave you badges(city folk, new leaf) Phineas
20%
68 He was always hungry, give him a snack and you'll get a design! Wendell
19%
30 Mother who's lost her kitten Kaitlin
18%
59 Throw an axe in the fountain to meet her (city folk) Serena
18%
18 #14s mentor, occasionally appeared in his shows(city folk) Frillard
16%
61 Mother snowperson Snowmam
16%
63 Baby snowperson Snowtyke
15%
15 You only met him if you had a perfect town(gamecube only) Farley
8%
No matching quizzes found
Score Distribution
Percent of People with Each Score
Percentile by Number Answered
Your Score History
You have not taken this quiz